[Event "Timbo op 3rd"]
[Site "Timbo"]
[Date "2023.11.05"]
[Round "5"]
[White "Dos Santos, Gabriel Conte"]
[Black "Zago, Caroline Datora"]
[Result "0-1"]
[WhiteElo "1036"]
[BlackElo "1570"]
[PlyCount "48"]
[EventDate "2023.11.03"]
[EventType "swiss"]
[EventRounds "6"]
[EventCountry "BRA"]
[SourceTitle "CB49_2023"]
[SourceDate "2023.12.06"]
[SourceVersion "1"]
[SourceVersionDate "2023.12.06"]
[SourceQuality "1"]

1. d4 Nf6 2. Nf3 g6 3. e3 Bg7 4. Be2 0-0 5. 0-0 d6 6. b3 c5 7. Bb2 a6 8. c4 Nbd7 9. Nc3 b6 10. Nd2 Bb7 11. Bf3 Qc7 12. Nce4 b5 13. Rb1 d5 14. cxd5 Nxd5 15. Rc1 Nb4 16. Nxc5 Nxc5 17. Rxc5 Qb6 18. a3 Nd3 19. Bxb7 Qxb7 20. Rc2 Rfc8 21. Bc3 e5 22. Qe2 exd4 23. exd4 Nf4 24. Qe3 Qxg2# 0-1

[Event "Timbo op 3rd"]
[Site "Timbo"]
[Date "2023.11.05"]
[Round "6"]
[White "Woytowicz, Leandro Tiago Gehr"]
[Black "Dos Santos, Gabriel Conte"]
[Result "1-0"]
[WhiteElo "1302"]
[BlackElo "1036"]
[PlyCount "53"]
[EventDate "2023.11.03"]
[EventType "swiss"]
[EventRounds "6"]
[EventCountry "BRA"]
[SourceTitle "CB49_2023"]
[SourceDate "2023.12.06"]
[SourceVersion "1"]
[SourceVersionDate "2023.12.06"]
[SourceQuality "1"]

1. c4 c5 2. e3 e6 3. a3 Nf6 4. b3 d5 5. cxd5 exd5 6. Bb2 Bd6 7. Nc3 0-0 8. Qc2 Nc6 9. Nf3 Qe7 10. h4 d4 11. Ne2 Bg4 12. Neg1 Ne5 13. Nh3 Nxf3+ 14. gxf3 Bxf3 15. Rg1 Bh2 16. Rg5 Ne4 17. Be2 Bxe2 18. Rg2 d3 19. Rxg7+ Kh8 20. Rxf7+ Kg8 21. Rxe7 dxc2 22. Rxe4 Bd3 23. Rg4+ Bg6 24. h5 Rf3 25. hxg6 Be5 26. gxh7+ Kxh7 27. Bxe5 1-0

[Event "Catarinense-ch U20"]
[Site "Rio Negrinho"]
[Date "2023.03.24"]
[Round "2"]
[White "Dos Santos, Gabriel Conte"]
[Black "De Souza, Lucio Teixeira"]
[Result "0-1"]
[WhiteElo "1123"]
[BlackElo "1548"]
[PlyCount "48"]
[EventDate "2023.03.24"]
[EventType "swiss"]
[EventRounds "6"]
[EventCountry "BRA"]
[SourceTitle "CBM 213 Extra"]
[Source "ChessBase"]
[SourceDate "2023.05.31"]
[SourceVersion "1"]
[SourceVersionDate "2023.05.31"]
[SourceQuality "1"]

1. d4 Nf6 2. c4 e6 3. Nc3 Bb4 4. a3 Bxc3+ 5. bxc3 b6 6. Nf3 h6 7. Bf4 Bb7 8. Rb1 Ne4 9. e3 Nxc3 10. Qc1 Nxb1 11. Qxb1 d6 12. c5 0-0 13. Bd3 Qe7 14. 0-0 Nd7 15. Rc1 dxc5 16. dxc5 Bxf3 17. gxf3 Nxc5 18. Kf1 Nxd3 19. Rxc7 Qxa3 20. Rc4 Rac8 21. Rd4 Rc1+ 22. Qxc1 Qxc1+ 23. Ke2 Qc2+ 24. Kf1 Qxf2# 0-1

[Event "Florianopolis op 9th"]
[Site "Florianopolis"]
[Date "2023.01.24"]
[Round "2"]
[White "Dos Santos, Gabriel Conte"]
[Black "Carneiro, Claudionor Chaves"]
[Result "0-1"]
[WhiteElo "1136"]
[BlackElo "1577"]
[PlyCount "100"]
[EventDate "2023.01.23"]
[EventType "swiss"]
[EventRounds "10"]
[EventCountry "BRA"]
[SourceTitle "CBM 212 Extra"]
[Source "ChessBase"]
[SourceDate "2023.03.31"]
[SourceVersion "1"]
[SourceVersionDate "2023.03.31"]
[SourceQuality "1"]

1. d4 Nf6 2. c4 e6 3. Nf3 d5 4. Nc3 Bd6 5. Bg5 h6 6. Bxf6 Qxf6 7. e4 dxe4 8. Nxe4 Bb4+ 9. Nfd2 Qxd4 10. Qa4+ Nc6 11. f3 Qxb2 12. Rb1 Bxd2+ 13. Nxd2 Qe5+ 14. Ne4 0-0 15. Qb5 Qf4 16. Qc5 Rd8 17. Be2 Nd4 18. Kf2 b6 19. g3 Qxe4 20. fxe4 bxc5 21. Rbd1 Ba6 22. e5 Nxe2 23. Rxd8+ Rxd8 24. Kxe2 Bxc4+ 25. Ke3 Rd3+ 26. Kf2 Rd2+ 27. Ke3 Rxa2 28. Rc1 Bd5 29. Rxc5 c6 30. Kd4 a5 31. Kc3 a4 32. Kb4 a3 33. Rc3 Ra1 34. Rxa3 Rxa3 35. Kxa3 c5 36. Kb2 Kh7 37. g4 Kg6 38. h3 Kg5 39. Kc3 Kf4 40. Kd3 Kxe5 41. Kc3 Kf4 42. h4 Kxg4 43. Kd3 Kf3 44. h5 e5 45. Kd2 Kf2 46. Kd3 e4+ 47. Kc3 e3 48. Kc2 e2 49. Kb2 e1Q 50. Ka3 Qb4# 0-1

[Event "Florianopolis Winter op 6th"]
[Site "Florianopolis"]
[Date "2022.07.16"]
[Round "8"]
[White "Dos Santos, Gabriel Conte"]
[Black "Prado, Beatriz Bruns"]
[Result "0-1"]
[WhiteElo "1573"]
[BlackElo "1151"]
[PlyCount "84"]
[EventDate "2022.07.13"]
[EventType "swiss"]
[EventRounds "9"]
[EventCountry "BRA"]
[SourceTitle "CBM 209 Extra"]
[Source "ChessBase"]
[SourceDate "2022.09.30"]
[SourceVersion "1"]
[SourceVersionDate "2022.09.30"]
[SourceQuality "1"]

1. d4 Nf6 2. c4 g6 3. Nc3 Bg7 4. e3 d6 5. Nf3 Nbd7 6. Bd3 0-0 7. 0-0 c5 8. a3 b6 9. b4 Ne8 10. Bb2 Bb7 11. Ne2 Bxf3 12. gxf3 e5 13. dxe5 Nxe5 14. f4 Nf3+ 15. Kh1 Bxb2 16. Rb1 Bxa3 17. Be4 Nh4 18. Bxa8 Qxa8+ 19. Qd5 Qxd5+ 20. cxd5 Bxb4 21. Nd4 a5 22. Nc6 Nf3 23. Rfc1 Nf6 24. Nxb4 axb4 25. Kg2 Nh4+ 26. Kf1 Nxd5 27. e4 Nxf4 28. Re1 Nf3 29. Re3 Nxh2+ 30. Ke1 Ng2+ 31. Ke2 Nxe3 32. Kxe3 f5 33. f3 fxe4 34. fxe4 Rf3+ 35. Ke2 h5 36. Rh1 Rh3 37. Kf2 Ng4+ 38. Kg2 Rxh1 39. Kxh1 b3 40. e5 dxe5 41. Kg2 b2 42. Kg3 b1Q 0-1

[Event "Florianopolis Winter op 6th"]
[Site "Florianopolis"]
[Date "2022.07.14"]
[Round "4"]
[White "Dos Santos, Gabriel Conte"]
[Black "De Carvalho, Amauri"]
[Result "1/2-1/2"]
[WhiteElo "1573"]
[BlackElo "1198"]
[PlyCount "46"]
[EventDate "2022.07.13"]
[EventType "swiss"]
[EventRounds "9"]
[EventCountry "BRA"]
[SourceTitle "CBM 209 Extra"]
[Source "ChessBase"]
[SourceDate "2022.09.30"]
[SourceVersion "1"]
[SourceVersionDate "2022.09.30"]
[SourceQuality "1"]

1. d4 Nf6 2. c4 g6 3. Nc3 Bg7 4. Nf3 d6 5. e4 0-0 6. Bd3 Nbd7 7. 0-0 e5 8. Be3 Re8 9. Qd2 c6 10. Rfe1 Ng4 11. h3 Nxe3 12. Qxe3 Nf6 13. Rad1 a6 14. dxe5 dxe5 15. Qc5 Qc7 16. Nd5 Qd8 17. Nxf6+ Qxf6 18. Bc2 Be6 19. Rd6 Bf8 20. Red1 Bxd6 21. Rxd6 Rad8 22. Rxd8 Rxd8 23. Qb6 Rd7 1/2-1/2

[Event "Florianopolis Autumn op U1800"]
[Site "Florianopolis"]
[Date "2022.05.14"]
[Round "3"]
[White "Dos Santos, Gabriel Conte"]
[Black "Klein, Louise da Silveira"]
[Result "0-1"]
[WhiteElo "1611"]
[BlackElo "1288"]
[PlyCount "62"]
[EventDate "2022.05.13"]
[EventType "swiss"]
[EventRounds "6"]
[EventCountry "BRA"]
[SourceTitle "CBM 208 Extra"]
[Source "ChessBase"]
[SourceDate "2022.07.31"]
[SourceVersion "1"]
[SourceVersionDate "2022.07.31"]
[SourceQuality "1"]

1. e4 c5 2. Nf3 d6 3. d4 cxd4 4. Nxd4 Nf6 5. Nc3 a6 6. Bg5 e5 7. Nf3 Be6 8. b3 b5 9. Bd3 Be7 10. 0-0 Nc6 11. a4 b4 12. Ne2 0-0 13. Bxf6 Bxf6 14. Bc4 Bxc4 15. bxc4 Rc8 16. Qd5 Qe7 17. Rad1 Nd4 18. Nexd4 Rc5 19. Nf5 Qc7 20. Qd2 Rxc4 21. Nxd6 Rxc2 22. Qd3 Rd8 23. Qxa6 Rc6 24. Nb5 Rxa6 25. Nxc7 Rxa4 26. Nxe5 h6 27. Nc6 Rc8 28. Rd7 b3 29. Rb1 b2 30. Ne7+ Bxe7 31. Rxb2 Ra1+ 0-1